| Поле | Инд. | ПП | Название | Значение |
|---|---|---|---|---|
| Тип записи | a | |||
| Библиографический уровень | m | |||
| 001 | Контрольный номер | RU/LIBMSTU/357734844 | ||
| 005 | Дата корректировки | 20200422102041.5 | ||
| 008 | Кодируемые данные | 110505|||||||||ru |||||||||||000|||rus|| | ||
| 020 | c | Цена, тираж | Б. ц. | |
| 040 | b | Код языка каталог. | rus | |
| 041 | 0_ | a | Код языка текста | rus |
| 084 | a | Индекс другой классификации/Индекс ББК | 94+87.3(2)+87.3(2)5+86.391 | |
| 090 | a | Полочн. индекс | 94 | |
| x | Авторский знак | Н 63 | ||
| 100 | 1_ | a | Автор | Николаева Т. А. |
| 245 | 10 | a | Заглавие | Проблема человека в философском наследии русского масонства XVIII - начала XIX вв. |
| b | Продолж. заглавия | автореф. дис. ... канд. филос. наук : 09.00.03 | ||
| c | Ответственность | ФГОУ ВПО "Мурман. гос. техн. ун-т" | ||
| 260 | a | Место издания | Мурманск | |
| c | Дата издания | 2011 | ||
| 300 | a | Объем | 20 с. | |
| 650 | 04 | a | Основная рубрика | Русская философия-История, 18-19 вв.-Авторефераты диссертаций |
| 653 | 0_ | a | Ключевые слова | Авторефераты диссертаций |
| a | Ключевые слова | Масонская концепция | ||
| a | Ключевые слова | Масонская ложа | ||
| a | Ключевые слова | Масонское движение | ||
| a | Ключевые слова | Масонство | ||
| a | Ключевые слова | Масоны | ||
| a | Ключевые слова | Религиозно-нравственные основы масонства | ||
| a | Ключевые слова | Русские масоны 18-19 вв. | ||
| a | Ключевые слова | Философия русская 18-19 вв. | ||
| a | Ключевые слова | Философско-антропологическая концепция | ||
| a | Ключевые слова | Человек (философия) | ||
| 901 | t | Тип документа | r |